| 000 | 00949nab a2200289 4500 | ||
|---|---|---|---|
| 003 | BR-BrBNA | ||
| 005 | 20240622160244.0 | ||
| 008 | 240622b bl.||||| |||| 00| 0 por d | ||
| 040 |
_aBR-BrBNA _bpor |
||
| 072 |
_aF01 ; F02 _b0311; 8930 ; 3530 |
||
| 100 | _aTaveira, José Augusto | ||
| 245 |
_aFibra de coco: uma nova alternativa para formação de mudas cítricas _bPublicidade |
||
| 500 | _a1 illus. | ||
| 650 | _aCITRICULTURA | ||
| 650 | _aVIVEIRO | ||
| 650 | _aMUDA | ||
| 650 | _aFIBRA VEGETAL | ||
| 650 | _aCOCO | ||
| 650 | _aPOROSIDADE | ||
| 650 | _aAERAÇÃO | ||
| 650 | _aRETENÇÃO DE ÁGUA NO SOLO | ||
| 650 | _aENRAIZAMENTO | ||
| 650 | _aMATERIAL BIODEGRADÁVEL | ||
| 773 | 0 |
_04769 _9314616 _dBebedouro - SP Grupo Técnico de Assistência e Consultoria em Citrus 2001 _o2024-0868 _tCiência e Pratica (Brazil) _gV. 2(6) p. 9; (Jul-Sep 2002) _wBR2024001861 |
|
| 942 | _cAnalítica | ||
| 999 |
_c300187 _d300187 |
||